عرض عادي عرض مارك
  • أنظمة المعلومات

مدخل مصطلح موضوعي

عدد التسجيلات المستخدمة في: 2

001 - رقم الضبط

  • حقل الضبط: 59303

003 - معرف رقم الضبط

  • حقل الضبط: OSt

005 - تاريخ ووقت أخر عملية

  • حقل الضبط: 20170907145217.0

008 - عناصر بيانات ثابتة الطول

  • حقل تحكم ثابت الطول: 170907|| aca||aabn | a|a d

040 ## - مصدر الفهرسة

  • هيئة الفهرسة الأصلية: OSt
  • وكالة الكتابة: OSt

150 ## - مدخل-- مصطلح تاريخي

  • عنصر مدخل المصطلح الموضوعي او الاسم الجغرافي: أنظمة المعلومات
  • تقسيم فرعي تاريخي: قرن 21

670 ## - بيانات المصدر موجوده

  • الاستشهاد بالمصدر: Work cat.: (OSt): 58643 محمد، إيمان رمضان , الوصول الحر للمعرفة في القرن الواحد والعشرين :, 2017.